000 01870nam a2200421Ia 4500
001 dia_5250
003 CHAP
005 20240411183351.0
007 ta
008 220117s2013 mx abdefr 001 0 spa d
040 _cCHAP
_amxchpua
090 _aT.C.601
_bR58 SAI
_c2013
245 1 0 _aSistema producto agroindustrial mango en la región del Soconusco, Chiapas /
_ccoordinadores Víctor Rivera Salvador y Artemio Pérez López ; colaboradores Yareli Benítez Guzmán...[et al.]
260 _aMéxico :
_bEl autor,
_c2013
300 _a85 hojas :
_bilustraciones, mapas, gráficas, diagramas, tablas, fotos, planos +
_e1 CD-ROM
336 _2rdacontent
_atexto
_btxt
337 _2rdamedia
_ano mediado
_bn
338 _2rdacarrier
_avolumen
_bnc
500 _a6° año Grupo 2 -- El CD contiene reporte.
502 _aViaje de estudios
_b(SAI) --
_cUACh. Departamento de Ingeniería Agroindustrial,
_d2013
504 _aBibliografía: hoja 87
505 _aEmpresas visitadas: --
_t1. SAGARPA, Comité estatal de Sanidad Vegetal de Chiapas -- 2. Secretaría del Campo -- 3. Naturafrut Bautista -- 4. Empacadora de frutas mediante irradiación -- 5. Empacadora Palenque
650 1 3 _aMangifera indica
_9157975
_zMexico
_zChiapas
650 1 3 _aMangos
_xVariedades
_9148304
_zMéxico
_zChiapas
650 1 3 _aMangoes
_xVarieties
_9148234
_zMexico
_zChiapas
700 1 _aPérez López, Artemio
_9149931
_ecoordinador
700 1 _aRivera Salvador, Víctor
_9152488
_ecoordinador
700 1 _aBenítez Guzmán, Yareli
_9133218
_ecolaboradora
856 4 2 _uhttp://10.13.5.2/ve/TC601SAI/TC601SAI2012-REPORTE.pdf
_yDESCARGAR REPORTE
901 _aT.C.601 R58 SAI 2013
902 _aM
905 _a5232272013 mx aiml8223223322spa16
942 _2local
942 _cVE
999 _c176159
_d176159